000 00842nam a22002897a 4500
003 CHAP
005 20220329140830.0
008 971013s1965 r 00010 d
010 _a58317
011 _a59289
035 _a63447
040 _cCHAP
090 _aFolleto 417
100 0 0 _aStrasma, John.
_9109954
245 _aMarket-enfroced self-assessment for real estate taxes
260 _aMadison :
_bLand Tenure Center,
_c1965
300 _a42 p.
490 _aResearch paper
_v; 6
590 _aBATCH-UPD
_b10
_c20130110
_lUCH01
_h1934
590 _aCONVERSION
_b10
_c20130109
_lUCH01
_h1331
650 1 4 _aTierras
_xImpuestos.
_9113114
710 _aLand Tenure Center. Madison, Wis.
_964637
830 0 _aResearch paper
_v; 6
_996073
901 _aBK
942 _cFOLL
949 _aFolleto 417
_bBC
_cFOLL
_d-136287
_eTS1
_i63447
_si
999 _c58317
_d58317